Normal view
MARC view
Entry Personal Name
001 - CONTROL NUMBER
- control field: 91709
003 - CONTROL NUMBER IDENTIFIER
- control field: BDCtgAUW
005 - DATE AND TIME OF LATEST TRANSACTION
- control field: 20260511190255.0
008 - FIXED-LENGTH DATA ELEMENTS
- fixed length control field: 260511|| aca||aabn | a|a d
040 ## - CATALOGING SOURCE
- Original cataloging agency: BDCtgAUW
- Transcribing agency: BDCtgAUW
100 ## - HEADING--PERSONAL NAME
- Personal name: Oda, Masako
670 ## - SOURCE DATA FOUND
- Source citation: Work cat.: (BDCtgAUW)18693: Oda, Masako. author, Japanese graded readers :, 2008.